| 000 | 00000nas 2200000za 4500 |
| 001 | 9.512576 |
| 003 | CaOODSP |
| 005 | 20230427113413 |
| 007 | cr ||||||||||| |
| 008 | 150406d20122018oncar p o||||f1 a0eng| |
| 022 | |a2562-7856 |
| 040 | |aCaOODSP|beng |
| 043 | |an-cn--- |
| 086 | 1 |aPS7-1E-PDF |
| 111 | 2 |aAnnual National Roundtable on Disaster Risk Reduction. |
| 222 | 0|a... Annual National Roundtable on Disaster Risk Reduction |
| 245 | 10|a... Annual National Roundtable on Disaster Risk Reduction |h[electronic resource] : |bfinal report. |
| 246 | 13|aCanada's Platform for Disaster Risk Reduction |
| 260 | |a[Ottawa] : |b[Public Safety Canada], |c2012-2018 |
| 310 | |aAnnual |
| 362 | 1 |aBegan with: 3rd; ceased with : 9th? |
| 500 | |aIssued also in French under title: ... ... Table ronde nationale annuelle sur la réduction des risques de catastrophe. |
| 692 | 07|2gccst|aEmergency preparedness |
| 692 | 07|2gccst|aRisk management |
| 710 | 1 |aCanada. |bPublic Safety Canada. |
| 775 | 08|t... Table ronde nationale annuelle sur la réduction des risques de catastrophe |w(CaOODSP)9.515936 |
| 785 | 00|tDRR Roundtable ...|w(CaOODSP)9.922013 |